Регионална библиотека "Любен Каравелов" - Русе

Наръчник по техниката по безопасността при монтаж на готови стоманобетонни елементи (Запис номер 444312)

MARC детайли
000 -Лидер
Контролно поле с фиксирана дължина nam a22 a 4500
003 - Код на организацията, давaща контролен номер
Контролно поле BLK
005 - Дата и час на последна редакция
Контролно поле 20220209133231.0
008 - Елементи от данни с фиксирана дължина
fixed length control field 220209b bu |||||r|||| 00| | bu d
040 ## - Източник на каталожния запис
Идентификатор на билиотеката - собственик на записа BLK
041 ## - Код за език
Код за езика на текст/звукозапис или на отделно заглавие Български
Код за езика КДБФ Български
080 ## - УДК
Текстов определител УДК Строителство със стоманени и др. метални конструкции. Вж и 624.014; 69.057; 691.7
УДК код - определител по УДК 693.8
УДК - код + определител 693.8
100 ## - Редна дума - Автор
R(LIN) 1299
Автор Тенев, Стефан Митев
Авторска отговорност първи автор
139 ## - Редно поле
Редна дума Тенев, Стефан Митев
245 ## - Сведения за заглавието
Заглавие Наръчник по техниката по безопасността при монтаж на готови стоманобетонни елементи
Редно поле (дума) Стефан Митев Тенев
260 ## - Област на издателските данни
9 (RLIN) 210729
Място на издаване, разпространение и проч. София
Име на издателя, разпространителя и проч. Профиздат
Година на издаване 1957
300 ## - Физическа характеристика
Страници 128 с.
Илюстрации и др. с ил.
Размери/Мащаб 13 см
380 ## - Жанр
Жанр Техника
490 ## - СЕРИИ (Колекции)
9 (RLIN) 205342
Име на серия Библиотека Охрана на труда
№: серия 9
650 #0 - Допълнително описание по предмет – тема
9 (RLIN) 470552
Основно описание – тема или топоним Строителство - техника на безопасност
653 #7 - Ключова дума – ненормативна
9 (RLIN) 198275
Ключова дума техника на безопасността
653 #7 - Ключова дума – ненормативна
9 (RLIN) 197633
Ключова дума строителство
653 #7 - Ключова дума – ненормативна
9 (RLIN) 191782
Ключова дума наръчници
852 ## - Местоположение
Форматна сигнатура Цб I 1710
Фондова буква Основен фонд - ползва се само за читалня
999 ## - СИСТЕМНИ КОНТРОЛНИ НОМЕРА
Koha biblionumber 444312
Koha biblioitemnumber 444312
942 ## - АРТИКУЛИ
Вид на библиотечния материал Книги
Скрит в OPAC Не
Периодичен библиозапис Да
944 ## - СЪЗДАВАНЕ И РЕДАКЦИЯ на ЗАПИСА
Създаване/Редакция Създаване
Дата на регистрацията/редакция 2022-02-09
Служител, извършил регистрацията/редакцията Христина Везирева
Наличности
Код за отписване Код за изгубен артикул Източник на класификационната схема Код за повреда Коз за рестрикции Код за отдаване Артикулен № Име на библиотеката - собственик Име на библиотеката, в която се намира в момента Статус (Текущо местоположение) Дата на вписване в системата Местоположение - отдел Цена в лева Инвентарен номер Систематично азбучна сигнатура Баркод Цена в евро Служебен тип на артикула
  Не е изгубен Universal Decimal Classification Не е повреден без рестрикции ползва се в читалня 871082 Регионална библиотека "Любен Каравелов" Русе Регионална библиотека "Любен Каравелов" Русе Основен фонд - ползва се само за читалня 2022-02-11 Хранилище 0.30 13672/57 Цб I 1710 900000025229 0.15 Книги
Vip Innovations Ltd, Rousse, Bulgaria 2025